| 000 | 00351 a2200157 4500 | ||
|---|---|---|---|
| 001 | 152962 | ||
| 040 | _cEscola São Tomás de Aquino | ||
| 100 | _aREBOUÇAS, Thalita | ||
| 240 | 1 | 0 |
_aFala sério, mãe ! _lpor |
| 245 | 1 | 0 | _aFala sério, mãe ! |
| 300 | _a172 | ||
| 362 | 0 | _a2004 | |
| 440 | 1 | _aRocco | |
| 697 | _a*LITERATURA JUVENIL | ||
| 942 | _cBK | ||
| 999 |
_c152962 _d152962 |
||